|
|
|
|
| LEADER |
01656nam a2200385 a 4500 |
| 001 |
EBC1182934 |
| 003 |
MiAaPQ |
| 005 |
20200520144314.0 |
| 006 |
m o d | |
| 007 |
cr cn||||||||| |
| 008 |
130221s2013 enka sb 001 0 eng d |
| 010 |
|
|
|z 2013005744
|
| 020 |
|
|
|z 9781107007208 (hardback)
|
| 020 |
|
|
|a 9781107057586 (electronic bk.)
|
| 035 |
|
|
|a (MiAaPQ)EBC1182934
|
| 035 |
|
|
|a (Au-PeEL)EBL1182934
|
| 035 |
|
|
|a (CaPaEBR)ebr10718614
|
| 035 |
|
|
|a (CaONFJC)MIL501907
|
| 035 |
|
|
|a (OCoLC)849935447
|
| 040 |
|
|
|a MiAaPQ
|c MiAaPQ
|d MiAaPQ
|
| 050 |
|
4 |
|a HD60
|b .H45 2013
|
| 082 |
0 |
4 |
|a 658.4/08
|2 23
|
| 100 |
1 |
|
|a Hemingway, Christine A.,
|d 1960-
|
| 245 |
1 |
0 |
|a Corporate social entrepreneurship
|h [electronic resource] :
|b integrity within /
|c Christine A. Hemingway.
|
| 260 |
|
|
|a Cambridge :
|b Cambridge University Press,
|c 2013.
|
| 300 |
|
|
|a xxii, 250 p. :
|b ill.
|
| 440 |
|
0 |
|a Business, value creation, and society
|
| 504 |
|
|
|a Includes bibliographical references and index.
|
| 505 |
0 |
|
|a pt. I. Values and corporate social responsibility -- pt. II. Personal values and corporate social entrepreneurship -- pt. III. Modes of moral commitment to CSR -- pt. IV. Developing a socially responsible organisational culture.
|
| 533 |
|
|
|a Electronic reproduction. Ann Arbor, MI : ProQuest, 2015. Available via World Wide Web. Access may be limited to ProQuest affiliated libraries.
|
| 650 |
|
0 |
|a Social entrepreneurship.
|
| 650 |
|
0 |
|a Social responsibility of business.
|
| 655 |
|
4 |
|a Electronic books.
|
| 710 |
2 |
|
|a ProQuest (Firm)
|
| 856 |
4 |
0 |
|u https://ebookcentral.proquest.com/lib/matrademy/detail.action?docID=1182934
|z Click to View
|